Top 30 mgk Songs - Statistics

General Stats
  • This quiz has been taken 12 times
  • The average score is 4 of 30
Answer Stats
# Song Rating % Correct
16. bloody valentine 61
70%
26. my ex's best friend 56
70%
13. forget me too 62
60%
1. Glass House 77
40%
2. I Think I'm OKAY 77
30%
8. Wild Boy 65
30%
10. Candy 64
20%
3. el Diablo 75
20%
7. 5:3666 66
10%
28. Alpha Omega 55
10%
15. Burning Memories 61
10%
6. Floor 13 67
10%
4. Hollywood Whore 73
10%
9. Roulette 64
10%
11. Sex Drive 63
10%
18. Waste Love 60
10%
29. A Little More 55
0%
23. cant stay here 57
0%
5. Death in My Pocket 68
0%
20. Gone 58
0%
22. indigo 57
0%
12. Invincible 63
0%
19. Merry Go Round 59
0%
17. orpheus 60
0%
21. outlaw overture 58
0%
24. Spotlight 57
0%
27. Story of the Stairs 55
0%
30. Time of Day 54
0%
14. treading water 62
0%
25. vampire diaries 56
0%
No matching quizzes found
Score Distribution
Percent of People with Each Score
Percentile by Number Answered
Your Score History
You have not taken this quiz